[Event "Heves Fregatt op 3rd"]
[Site "Heves"]
[Date "2001.06.10"]
[Round "7.3"]
[White "Szurovszky, Elek"]
[Black "Gomori, Zoltan"]
[Result "1-0"]
[WhiteElo "2181"]
[BlackElo "1954"]
[PlyCount "81"]
[EventDate "2001.06.08"]
[EventType "swiss"]
[EventRounds "7"]
[EventCountry "HUN"]
[SourceTitle "EXT 2004"]
[Source "ChessBase"]
[SourceDate "2003.11.25"]
[SourceVersion "1"]
[SourceVersionDate "2003.11.25"]
[SourceQuality "1"]

1. e4 e5 2. Nf3 Nc6 3. d4 exd4 4. Nxd4 Bc5 5. Be3 Qf6 6. c3 Nge7 7. g3 d6 8. Bg2 0-0 9. 0-0 Bd7 10. f4 Ng6 11. Qd2 Rad8 12. Kh1 Rfe8 13. f5 Nge5 14. Bg5 Nc4 15. Qf4 Qe5 16. Bxd8 Qxf4 17. Rxf4 Rxd8 18. Na3 Nxa3 19. Nxc6 Bxc6 20. bxa3 Bxa3 21. Rd1 Bb2 22. e5 Bxg2+ 23. Kxg2 Bxc3 24. exd6 cxd6 25. Rc4 Be5 26. Rc7 Rb8 27. Rdc1 f6 28. Rc8+ Rxc8 29. Rxc8+ Kf7 30. Rc7+ Kf8 31. Rxb7 Bd4 32. Kf3 g5 33. Rxh7 Kg8 34. Rd7 Bc5 35. h4 gxh4 36. gxh4 a5 37. Ke4 a4 38. Kd5 a3 39. Rxd6 Bxd6 40. Kxd6 Kf7 41. Kd7 1-0

[Event "Heves Fregatt op 3rd"]
[Site "Heves"]
[Date "2001.06.09"]
[Round "3.4"]
[White "Deli, Gabor"]
[Black "Gomori, Zoltan"]
[Result "0-1"]
[WhiteElo "1603"]
[BlackElo "1954"]
[PlyCount "112"]
[EventDate "2001.06.08"]
[EventType "swiss"]
[EventRounds "7"]
[EventCountry "HUN"]
[SourceTitle "EXT 2004"]
[Source "ChessBase"]
[SourceDate "2003.11.25"]
[SourceVersion "1"]
[SourceVersionDate "2003.11.25"]
[SourceQuality "1"]

1. e4 c5 2. Nf3 e6 3. d4 cxd4 4. Nxd4 a6 5. Nc3 Qc7 6. Be3 Nf6 7. a3 Nc6 8. Be2 b5 9. 0-0 Bb7 10. Qd2 Nxd4 11. Qxd4 Bd6 12. h3 Be5 13. Qb4 Bxc3 14. bxc3 Nxe4 15. Bf3 d5 16. Bxe4 dxe4 17. Rad1 Bd5 18. a4 Qc4 19. Qd6 Qc6 20. Qxc6+ Bxc6 21. axb5 Bxb5 22. Rfe1 0-0 23. Bc5 Rfc8 24. Bb4 a5 25. Bd6 f5 26. Be5 Rd8 27. Rb1 Rd5 28. f4 Bc6 29. Re3 Rd2 30. Rg3 g6 31. Rb6 Bd5 32. h4 e3 33. Rxe3 Rxg2+ 34. Kf1 Rxc2 35. Rg3 Rd8 36. h5 Bg2+ 37. Ke1 Rc1+ 38. Ke2 Bf1+ 39. Kf2 Rd2+ 40. Ke3 Rd3+ 41. Kf2 Rc2+ 42. Ke1 Rxg3 43. Rb8+ Kf7 44. Rb7+ Ke8 45. Rb8+ Kd7 46. Rb7+ Kc6 47. Rc7+ Kd5 48. Kxf1 gxh5 49. Rxh7 Ke4 50. Bd4 Kf3 51. Ke1 Re2+ 52. Kf1 Rh3 53. Rxh5 Rxh5 54. c4 Rh1+ 55. Bg1 Rf2+ 56. Ke1 Rxg1# 0-1

[Event "Heves Fregatt op 3rd"]
[Site "Heves"]
[Date "2001.06.08"]
[Round "1.1"]
[White "Hajnal, Zoltan"]
[Black "Gomori, Zoltan"]
[Result "1-0"]
[WhiteElo "2350"]
[BlackElo "1954"]
[PlyCount "57"]
[EventDate "2001.06.08"]
[EventType "swiss"]
[EventRounds "7"]
[EventCountry "HUN"]
[SourceTitle "EXT 2004"]
[Source "ChessBase"]
[SourceDate "2003.11.25"]
[SourceVersion "1"]
[SourceVersionDate "2003.11.25"]
[SourceQuality "1"]

1. e4 c5 2. Nf3 e6 3. d4 cxd4 4. Nxd4 a6 5. Bd3 Qc7 6. 0-0 Nc6 7. Be3 Nf6 8. Nc3 Be7 9. f4 d6 10. Qf3 Bd7 11. Rae1 0-0 12. Kh1 Rac8 13. Nb3 b5 14. a3 Rfd8 15. g4 e5 16. g5 Ng4 17. Nd5 Qb7 18. Bb6 Rf8 19. Na5 Nxa5 20. Nxe7+ Kh8 21. Bxa5 Rce8 22. f5 Rxe7 23. Qxg4 g6 24. Kg1 gxf5 25. exf5 d5 26. Bb4 Qb6+ 27. Kh1 Bc6 28. Bxe7 d4+ 29. Kg1 1-0